[Event "Leipzig VfB op 15th"]
[Site "Leipzig"]
[Date "2008.03.02"]
[Round "9"]
[White "Abromeit, Guenter"]
[Black "Pinger, Lutz"]
[Result "1/2-1/2"]
[WhiteElo "1880"]
[BlackElo "1670"]
[PlyCount "79"]
[EventDate "2008.02.26"]
[EventType "swiss"]
[EventRounds "9"]
[EventCountry "GER"]
[SourceTitle "CBM 123 Extra"]
[Source "ChessBase"]
[SourceDate "2008.05.06"]
[SourceVersion "1"]
[SourceVersionDate "2008.05.06"]
[SourceQuality "1"]

1. e4 e5 2. Nf3 Nc6 3. d4 exd4 4. c3 d5 5. exd5 Qxd5 6. cxd4 Bg4 7. Be2 Nf6 8. Nc3 Bb4 9. 0-0 Bxc3 10. bxc3 0-0 11. h3 Bh5 12. c4 Qd6 13. Qb3 Nxd4 14. Nxd4 Qxd4 15. Bxh5 Nxh5 16. Bb2 Qb6 17. Qc3 Qg6 18. Qf3 c6 19. Rae1 Rad8 20. Rd1 h6 21. Rfe1 Rxd1 22. Rxd1 Nf6 23. Bxf6 Qxf6 24. Qxf6 gxf6 25. Rd7 Rb8 26. a4 a6 27. Rd6 Kg7 28. a5 h5 29. c5 f5 30. Kf1 Re8 31. Rd7 Re5 32. Rxb7 Rxc5 33. Rb6 Rxa5 34. Rxc6 Ra2 35. g3 a5 36. Kg2 a4 37. Ra6 a3 38. Kf3 Ra1 39. Kf4 Ra2 40. f3 1/2-1/2

[Event "Leipzig VfB op 15th"]
[Site "Leipzig"]
[Date "2008.03.01"]
[Round "7"]
[White "Dunne, Paul"]
[Black "Pinger, Lutz"]
[Result "1-0"]
[WhiteElo "1854"]
[BlackElo "1670"]
[PlyCount "31"]
[EventDate "2008.02.26"]
[EventType "swiss"]
[EventRounds "9"]
[EventCountry "GER"]
[SourceTitle "CBM 123 Extra"]
[Source "ChessBase"]
[SourceDate "2008.05.06"]
[SourceVersion "1"]
[SourceVersionDate "2008.05.06"]
[SourceQuality "1"]

1. e4 e6 2. b3 d5 3. Bb2 dxe4 4. Nc3 Nf6 5. f3 Be7 6. fxe4 e5 7. Nf3 Bg4 8. Bc4 c6 9. Bxf7+ Kf8 10. Bc4 b5 11. Be2 b4 12. Ng5 Qd7 13. Na4 h6 14. Bxg4 Nxg4 15. 0-0+ Nf6 16. Qh5 1-0

[Event "Leipzig VfB op 15th"]
[Site "Leipzig"]
[Date "2008.02.28"]
[Round "4"]
[White "Pinger, Lutz"]
[Black "Franke, Helmut"]
[Result "0-1"]
[WhiteElo "1670"]
[BlackElo "1900"]
[PlyCount "51"]
[EventDate "2008.02.26"]
[EventType "swiss"]
[EventRounds "9"]
[EventCountry "GER"]
[SourceTitle "CBM 123 Extra"]
[Source "ChessBase"]
[SourceDate "2008.05.06"]
[SourceVersion "1"]
[SourceVersionDate "2008.05.06"]
[SourceQuality "1"]

1. d4 Nf6 2. c4 e5 3. dxe5 Ng4 4. Nf3 Nc6 5. Nc3 Bc5 6. e3 Ngxe5 7. a3 Qf6 8. Be2 Nxf3+ 9. Bxf3 Ne5 10. Be2 Bb6 11. Qc2 c6 12. 0-0 0-0 13. f4 Ng6 14. Ne4 Qe7 15. f5 d5 16. c5 Bc7 17. fxg6 dxe4 18. gxf7+ Kh8 19. Bc4 Qe5 20. g3 Bh3 21. Rf4 Rad8 22. Rxe4 Qf5 23. Bd3 Qf3 24. Qe2 Qxf7 25. Bd2 Rxd3 26. Qxd3 0-1